Hệ thống các câu hỏi đọc - hiểu văn bản Ngữ văn 7 Sách tham dự cuộc thi viết sách bài tập và sách tham khảo của Bộ GD & ĐT
v....v
Đã lưu trong:
| Tác giả chính: | |
|---|---|
| Định dạng: | Sách |
| Năm xuất bản: |
H.
Giáo dục
2003
|
| Chủ đề: | |
| Tags: |
Thêm thẻ
Không có thẻ, Hãy là người đầu tiên gắn thẻ bản ghi này!
|
| LEADER | 01663nam a2200253 4500 | ||
|---|---|---|---|
| 082 | |a 807.6 |b TR120Đ | ||
| 100 | |a Trần Đình Chung | ||
| 245 | |a Hệ thống các câu hỏi đọc - hiểu văn bản Ngữ văn 7 |c Trần Đình Chung |b Sách tham dự cuộc thi viết sách bài tập và sách tham khảo của Bộ GD & ĐT | ||
| 260 | |a H. |b Giáo dục |c 2003 | ||
| 300 | |a 204 tr. |c 24 cm | ||
| 520 | |a v....v | ||
| 653 | |a Văn học | ||
| 653 | |a Ngữ văn | ||
| 653 | |a lớp 7 | ||
| 653 | |a câu hỏi | ||
| 942 | |2 ddc |c STK0 | ||
| 999 | |c 9911 |d 9911 | ||
| 952 | |0 0 |1 0 |2 ddc |4 0 |6 807_600000000000000_TR120Đ |7 0 |8 800 |9 78027 |a qbu |b qbu |c D5 |d 2015-07-01 |g 14800 |o 807.6 TR120Đ |p 9781.c1 |r 0000-00-00 |w 2015-07-01 |y STK0 | ||
| 952 | |0 0 |1 0 |2 ddc |4 0 |6 807_600000000000000_TR120Đ |7 0 |8 800 |9 78028 |a qbu |b qbu |c D5 |d 2015-07-01 |g 14800 |o 807.6 TR120Đ |p 9781.c2 |r 0000-00-00 |w 2015-07-01 |y STK0 | ||
| 952 | |0 0 |1 0 |2 ddc |4 0 |6 807_600000000000000_TR120Đ |7 0 |8 800 |9 78029 |a qbu |b qbu |c D5 |d 2015-07-01 |g 14800 |o 807.6 TR120Đ |p 9781.c3 |r 0000-00-00 |w 2015-07-01 |y STK0 | ||
| 952 | |0 0 |1 0 |2 ddc |4 0 |6 807_600000000000000_TR120Đ |7 0 |8 800 |9 78030 |a qbu |b qbu |c D5 |d 2015-07-01 |g 14800 |o 807.6 TR120Đ |p 9781.c4 |r 0000-00-00 |w 2015-07-01 |y STK0 | ||
| 952 | |0 0 |1 0 |2 ddc |4 0 |6 807_600000000000000_TR120Đ |7 0 |8 800 |9 78031 |a qbu |b qbu |c D5 |d 2015-07-01 |g 14800 |o 807.6 TR120Đ |p 9781.c5 |r 0000-00-00 |w 2015-07-01 |y STK0 | ||
| 952 | |0 0 |1 0 |2 ddc |4 0 |6 807_600000000000000_TR120Đ |7 0 |8 800 |9 78032 |a qbu |b qbu |c D5 |d 2015-07-01 |g 14800 |o 807.6 TR120Đ |p 9781.c6 |r 0000-00-00 |w 2015-07-01 |y STK0 | ||
| 952 | |0 0 |1 0 |2 ddc |4 0 |6 807_600000000000000_TR120Đ |7 0 |8 800 |9 97962 |a qbu |b qbu |c D5 |d 2015-11-09 |g 14800 |o 807.6 TR120Đ |p 9781.c7 |r 0000-00-00 |w 2015-11-09 |y STK0 | ||